Actes de les Terceres Jornades d'Estudi sobre la vida i l'obra de Caterina Albert "Víctor Català" (Record no. 177245)

MARC details
000 -LEADER
campo de control de longitud fija 01040nam a22002535i 4500
001 - NÚMERO DE CONTROL
campo de control 177245
003 - IDENTIFICADOR DE NÚMERO DE CONTROL
campo de control ES-MaACL
005 - FECHA Y HORA DE LA ÚLTIMA TRANSACCIÓN
campo de control 20250910213750.0
008 - DATOS DE LONGITUD FIJA--INFORMACIÓN GENERAL
campo de control de longitud fija 110310s2006 sp f |||| | spa d
020 ## - NÚMERO INTERNACIONAL ESTÁNDAR DEL LIBRO
Número Internacional Estándar del Libro 978-84-96444-68-3
080 ## - NÚMERO DE LA CLASIFICACIÓN DECIMAL UNIVERSAL
Número de la Clasificación Decimal Universal 821.134.1 Català, Víctor (063)
080 ## - NÚMERO DE LA CLASIFICACIÓN DECIMAL UNIVERSAL
Número de la Clasificación Decimal Universal 929 Català, Víctor
111 2# - ENTRADA PRINCIPAL--NOMBRE DE CONGRESO/REUNIÓN
Nombre de congreso/reunión o jurisdicción como elemento de entrada Jornades d'Estudi sobre la Vida i l'Obra de Caterina Albert "Víctor Català"
Número del congreso/reunión o número de parte o sección (3ª.
Fecha del congreso o de la firma del tratado 2005.
Sede del congreso/Lugar de la reunión Escala)
9 (RLIN) 145530
245 10 - MENCIÓN DEL TÍTULO
Título Actes de les Terceres Jornades d'Estudi sobre la vida i l'obra de Caterina Albert "Víctor Català"
Resto del título : (en ocasió del centenari de Solitud 1905-2005) /
Mención de responsabilidad, etc. a cura d'Enric Prat i Pep Vila.
260 ## - PUBLICACIÓN, DISTRIBUCIÓN, ETC.
Lugar de publicación, distribución, etc. [Girona :
Nombre del editor, distribuidor, etc. CCG],
Fecha de publicación, distribución, etc. 2006.
300 ## - DESCRIPCIÓN FÍSICA
Extensión 397, [3] p. de lám. col. y n. ;
Dimensiones 21 cm.
546 ## - NOTA DE IDIOMA
Nota de lengua/lenguaje Textos en castellano y catalán.
597 ## - NOTA DE DESCRIPCIÓN FÍSICA
NOTA DE DESCRIPCIÓN FÍSICA En el lomo: 2.
600 14 - PUNTO DE ACCESO ADICIONAL DE MATERIA--NOMBRE DE PERSONA
Nombre de persona Català, Víctor-
Subdivisión general Congresos y asambleas.
9 (RLIN) 145533
700 1# - ENTRADA AGREGADA--NOMBRE PERSONAL
Nombre de persona Prat, Enric,
Fechas asociadas al nombre 1955-
9 (RLIN) 145531
700 1# - ENTRADA AGREGADA--NOMBRE PERSONAL
Nombre de persona Vila, Pep (
Fechas asociadas al nombre 1952-)
9 (RLIN) 145532
852 ## - LOCALIZACIÓN
Ubicación ES-MaACL
Número de control de estantería E-14653
Holdings
Estatus retirado Estado de pérdida Estado de daño No para préstamo Biblioteca de origen Biblioteca actual Ubicación en estantería Fecha de adquisición Fuente de adquisición Total de préstamos Signatura topográfica completa Código de barras Visto por última vez Precio de reemplazo Tipo de ítem Koha
        Biblioteca del Ateneo de Madrid Biblioteca del Ateneo de Madrid Depósito 2 10/03/2011     E-14653 1186154 23/02/2023 23/02/2023 Libro impreso